Abrupt climate change (Record no. 38815)
[ view plain ]
| 000 -LEADER | |
|---|---|
| fixed length control field | 01465nam a2200361 a 4500 |
| 082 04 - DEWEY DECIMAL CLASSIFICATION NUMBER | |
| Classification number | 551.6 |
| 245 00 - TITLE STATEMENT | |
| Title | Abrupt climate change |
| 260 ## - PUBLICATION, DISTRIBUTION, ETC. (IMPRINT) | |
| Place of publication | Washington, D.C. : |
| Name of publisher | American Geophysical Union, |
| Year of publication | c2011. |
| 300 ## - PHYSICAL DESCRIPTION | |
| Number of Pages | vii, 242 p. : |
| Other physical details | ill. (some col.), maps. |
| 490 1# - SERIES STATEMENT | |
| Series statement | Geophysical monograph series, |
| 650 #0 - SUBJECT ADDED ENTRY--TOPICAL TERM | |
| Topical Term | Climatic changes. |
| 700 1# - ADDED ENTRY--PERSONAL NAME | |
| Personal name | Rashid, Harunur, |
| Personal name | Polyak, Leonid. |
| Personal name | Mosley-Thompson, Ellen. |
| 856 40 - ELECTRONIC LOCATION AND ACCESS | |
| Uniform Resource Identifier | http://site.ebrary.com/lib/rucke/Doc?id=10720717 |
No items available.
